00513nam a22001697a 450000500170000001000150001702000260003203500140005803700090007208200110008110000160009224500830010825000060019126000360019727000910023330000190032420250724150301.0 aENG-146127 a9788119664436c300.00 aEN-129659 bDBAD a574.03 aSheja, Lini aO Justice, Where are You?:bA Cry for Justice in the 21st Century/cLini Sheja a1 aBengalurubATC Publishersc2025 a9/12-1, 1st Floor, Lloyd's Road Cooke TownbBengalurue560005madmin@atcpublishers.com a174pc21cm(pb)